Contracts in use (Record no. 109004)

MARC details
000 -LEADER
fixed length control field 01985cam a22002895 4500
001 - CONTROL NUMBER
control field L145987
008 - FIXED-LENGTH DATA ELEMENTS--GENERAL INFORMATION
fixed length control field 081128s2006 d s 000 0 eng u
020 ## - INTERNATIONAL STANDARD BOOK NUMBER
International Standard Book Number 9781842193112
022 ## - INTERNATIONAL STANDARD SERIAL NUMBER
International Standard Serial Number 1369-5630
035 ## - SYSTEM CONTROL NUMBER
System control number (Sirsi) u145987
041 0# - LANGUAGE CODE
Language code of text/sound track or separate title eng
050 04 - LIBRARY OF CONGRESS CALL NUMBER
Classification number 692.8 $2 18
110 2# - MAIN ENTRY--CORPORATE NAME
Corporate name or jurisdiction name as entry element Royal Institution of Chartered Surveyors
Subordinate unit Quantity Surveying and Construction Faculty
9 (RLIN) 4967
245 00 - TITLE STATEMENT
Title Contracts in use
Remainder of title a survey of building contracts in use during 2004
Medium [electronic resource]
250 ## - EDITION STATEMENT
Edition statement 10th ed.
260 ## - PUBLICATION, DISTRIBUTION, ETC.
Place of publication, distribution, etc. London
Name of publisher, distributor, etc. RICS
Date of publication, distribution, etc. 2006
300 ## - PHYSICAL DESCRIPTION
Extent 39 p.
-- ll. $3 0 cm.
490 #0 - SERIES STATEMENT
Series statement Contracts in Use
Volume/sequential designation 2006
505 0# - FORMATTED CONTENTS NOTE
Formatted contents note Executive summary -- Introduction -- Response -- Analysis of returns -- Standard forms of contract -- JCT forms -- GC/Works forms -- ICE forms -- NEC Engineering and Construction (EEC) forms -- Association of Consultant Architects -- Additional contract provisions -- Design and build procurement -- Management procurement routes -- Partnering -- Appendix one: survey questionnaire -- Appendix two: the distribution of contracts in use
520 ## - SUMMARY, ETC.
Summary, etc. The tenth survey in the "Contracts in use" series considering trends in the use of the various standard forms of contract and procurement methods. The results of the survey, which covered both new build and refurbishment projects for which work started on site between 1 January and 31 December 2004, are presented using charts, graphs and tables. Key findings include the continued dominance of JCT, with the growing use of alternative standard forms such as the NEC. Design and build still dominates the middle market, although bills of quantities continue to be used regularly.
520 ## - SUMMARY, ETC.
Summary, etc. See L127678 for online version of this survey.
521 ## - TARGET AUDIENCE NOTE
Target audience note Advanced
651 #4 - SUBJECT ADDED ENTRY--GEOGRAPHIC NAME
Geographic name United Kingdom
Chronological subdivision
690 ## - LOCAL SUBJECT ADDED ENTRY--TOPICAL TERM (OCLC, RLIN)
Topical term or geographic name as entry element BUILT ENVIRONMENT-BUILDING CONTRACT FORMS
856 48 - ELECTRONIC LOCATION AND ACCESS
Uniform Resource Identifier <a href="https://www.rics.org/Global/Downloads/ContractsInUse2004.pdf">https://www.rics.org/Global/Downloads/ContractsInUse2004.pdf</a>
Public note View this survey for free at www.rics.org
942 ## - ADDED ENTRY ELEMENTS (KOHA)
Suppress in OPAC 0
Holdings
Withdrawn status Lost status Source of classification or shelving scheme Damaged status Not for loan Home library Current library Shelving location Date acquired Total Checkouts Full call number Barcode Date last seen Copy number Price effective from Koha item type
    Dewey Decimal Classification     London London RICS Boxes 28/11/2008   RICS 2006/91 30071272 06/08/2019 1 06/08/2019 Archive